Debenhams PLC v Westminster City Council (Record no. 2007)

MARC details
000 -LEADER
fixed length control field 01534cab a2200217 4500
001 - CONTROL NUMBER
control field ABS37256
008 - FIXED-LENGTH DATA ELEMENTS--GENERAL INFORMATION
fixed length control field 090401t1986 xxu||||| |||| 00| 0 eng d
035 ## - SYSTEM CONTROL NUMBER
System control number (Sirsi) u3284
041 ## - LANGUAGE CODE
Language code of text/sound track or separate title eng
245 ## - TITLE STATEMENT
Title Debenhams PLC v Westminster City Council
260 ## - PUBLICATION, DISTRIBUTION, ETC.
Date of publication, distribution, etc. 1986
350 ## - PRICE (NR) (BK AM CF MU VM SE) [OBSOLETE]
Price 0
490 ## - SERIES STATEMENT
Series statement Weekly Law Reports
Volume/sequential designation (1986) 3 WLR 1063-1080(18)
520 ## - SUMMARY, ETC.
Summary, etc. HL 4 December 1986. Appeal by Westminster City Council against Debenhams PLC,for non-payment of rates in respect of premises at 200-202 Regent Street and 50-52 and 27-28 Kingly Street,London W1. Debenhams were owners of the former Hamleys toy shop in Regent Street, with two buildings comprising a single hereditament for rating purposes. The block was numbered 200-202 Regent Street at the shopfront and 50-52 Kingly Street at the rear.The second building,27-28 Kingly Street,on the opposite side of the road joined the first by a footbridge and a subway. Both buildings were unoccupied February 1982 to March 1983 and during January to March 1983 the subway and bridge were removed to enable 27-28 Kingly Street to be sold separately. Debenhams asserted that designation of "Nos 172-206 Regent Street" as listed buildings was apt to include the entire hereditaments and they were under no liability to pay unoccupied rates. Following a summons for non-payment of rates,the magistrate held that on
650 ## - SUBJECT ADDED ENTRY--TOPICAL TERM
Topical term or geographic name entry element EXEMPTION
650 ## - SUBJECT ADDED ENTRY--TOPICAL TERM
Topical term or geographic name entry element RATING APPEAL
650 ## - SUBJECT ADDED ENTRY--TOPICAL TERM
Topical term or geographic name entry element UNOCCUPIED PROPERTY
690 ## - LOCAL SUBJECT ADDED ENTRY--TOPICAL TERM (OCLC, RLIN)
Topical term or geographic name as entry element RATING AND VALUATION-CASE LAW
942 ## - ADDED ENTRY ELEMENTS (KOHA)
Suppress in OPAC 0
948 ## - LOCAL PROCESSING INFORMATION (OCLC); SERIES PART DESIGNATOR (RLIN)
c (OCLC) 04/03/1997
Holdings
Withdrawn status Lost status Source of classification or shelving scheme Damaged status Not for loan Home library Current library Shelving location Date acquired Total Checkouts Full call number Barcode Date last seen Copy number Price effective from Koha item type
    Dewey Decimal Classification     London London Journal article 14/09/1999   ABS37256 3284-1001 06/08/2019 1 06/08/2019 Law report